Vida de María: la Madre de Jesús

Guardat en:
Dades bibliogràfiques
Autor principal: Willam, Franz Michel (Autor)
Format: Llibre
Idioma:espanyol
Publicat: Barcelona Herder S. A 2002
Edició:16a. ed
Matèries:
Etiquetes: Afegir etiqueta
Sense etiquetes, Sigues el primer a etiquetar aquest registre!

MARC

LEADER 00000cam a2200000 a 4500
001 UCC6318
003 CL-VaPUC
008 181130e20020000sp |||||||||||||||||spa|d
020 |a 8425401763 
082 0 4 |a 232.91  |b WIL  |2 21 
100 0 |a Willam, Franz Michel  |e author  |9 600729 
245 1 0 |a Vida de María: la Madre de Jesús 
250 |a 16a. ed 
300 |a 363 p 
942 |c BK 
945 |d 20181130 13:53:00  |a dcastane 
260 |a Barcelona  |b Herder S. A  |c 2002 
650 0 |a Mariología   |9 365249 
650 0 |a Vida de Jesús  |9 478097 
583 |a last modification  |c 20181130 13:53:00  |k Rodrigo Vera 
999 |c 373267  |d 373265 
952 |0 0  |1 0  |3 erb  |4 0  |6 232_910000000000000_WIL_2002  |7 0  |8 A  |9 491336  |a BIBTEO  |b BIBTEO  |e Precht Pizarro, Jorge Enrique  |i 5519632  |o 232.91 WIL 2002  |p 5519632  |r 2025-01-17  |w 2019-11-24  |y BK  |z Catalogado en:20181130  |k ICR